000 00282nam a22001337a 4500
008 170601b xxu||||| |||| 00| 0 eng d
020 _a9780684832807
041 _aeng
080 _a93
100 _a17
101 _aSHH
245 _aTHE MIDDLE EAST
_cLEWIS, B
942 _2udc
_cBK
999 _c15232
_d15232